| 000 | 01628cam a22004454i 4500 | ||
|---|---|---|---|
| 003 | PE-LiUPU | ||
| 005 | 20250731173250.0 | ||
| 008 | 150625s1994 sp r 000 0 spa d | ||
| 020 | _a8428516308 | ||
| 020 | _a9788428516303 | ||
| 035 | _a(Sirsi) a35547 | ||
| 040 |
_aPE-LiUPU _bspa _cPE-LiUPU _dPE-LiUPU _erda |
||
| 049 | _aPRUA | ||
| 082 | 0 | 4 |
_a281.8 _bT18 _221 |
| 100 | 1 |
_aTamayo, Juan José, _eautor. |
|
| 245 | 1 | 0 |
_aPresente y futuro de la teología de la liberación / _cJuan José Tamayo. |
| 264 | 1 |
_aMadrid : _bSan Pable, _c1994. |
|
| 336 |
_atext _2rdacontent |
||
| 337 |
_aunmediated _2rdamedia |
||
| 338 |
_avolume _2rdacarrier |
||
| 505 | 0 | _aSanto domingo: un velo de silencio sobre la teología de la liberación -- Núcleos fundamentales de la teología de la liberación -- Nuevos horizontes en la teología de la liberación -- Retos de la teología de la teología de la liberación a la iglesia y la sociedad del primer mundo --¿Es posible una teología de la liberación? | |
| 490 | 0 |
_aTeología siglo XXI ; _v4 |
|
| 526 | _aSEG42 | ||
| 526 | _aSEG41 | ||
| 526 | _aSEG40 | ||
| 526 | _aSEG39 | ||
| 526 | _aP94 | ||
| 526 | _aP87 | ||
| 526 | _aP86 | ||
| 526 | _aP85 | ||
| 526 | _aP77 | ||
| 526 | _aP76 | ||
| 526 | _aP35 | ||
| 650 | 0 | 4 |
_aLiberación _xTeología. |
| 942 |
_2ddc _cBOOK |
||
| 994 |
_aC0 _bPEPRU |
||
| 596 | _a1 | ||
| 999 |
_a281.8 T18 _wDEWEY _c43523 _i37531 _f2021-11-11 _g5 _lCCODEBUL1 _mBUL _p26.00 _r0 _sY _tBOOK _u2015-6-25 _xTEOLOGIA _PP35 _0DONACION _o.STAFF. Colección Teología _d43523 |
||
| 980 |
_81 _gALBERTO SANCHEZ Responsable de Automatización |
||